| 000 | 01066nam0a22002531 4500 | ||
|---|---|---|---|
| 001 | rc\767441 | ||
| 005 | 20260407090637.0 | ||
| 035 | _a(NLR Aleph) 006294461 | ||
| 090 |
_a7184930 _c7184930 |
||
| 100 | _a20040301d1985 |||y0rusy50 ca | ||
| 101 | 0 | _arus | |
| 102 | _aRU | ||
| 105 | _aa ||||||||| | ||
| 200 | 1 |
_aИван Никитич Францевич _e[Физико-химик, металловед] _fАН УССР _gСост. С.В. Сотниченко и др. _gВступ. ст. В.Н. Еременко, Л.Н. Ягупольской |
|
| 210 |
_aКиев _cНаукова думка _d1985 |
||
| 215 |
_a110 с., 1 л. портр. _d17 |
||
| 225 | 1 | _aБиобиблиография ученых СССР | |
| 702 | 1 |
_aСотниченко _bС.В. _4220 |
|
| 712 | 0 | 2 |
_aАН СССР _bНаучный совет по проблеме "Научные основы прочности и пластичности" _9303076 _3RU\NLR\AUTH\8814895 |
| 801 | 0 |
_aRU _bNLR _gpsbo |
|
| 801 | 1 |
_aRU _bELAR _2rusmarc |
|
| 852 |
_aNLR _bС _jК-1/2976 |
||
| 942 | _cBOOK | ||
| 980 | _aNB | ||